Izsán egy jó közösség létrehozása a cél

Bibliographic Details
Main Authors: Miriák, Ferenc (Author, Interviewer), Sámson, Ferenc (Author)
Format: Article
Language:Slovak
PhysicalDescription:Fotogr.
Subjects:

MARC

LEADER 00000nab a2200000 ar4500
001 vtls008997958
003 SK-MaSNL
005 20260319071309.0
008 070611c2007 xo wr|p|||||||000 b|slo
038 |a KNKJS 
040 |a KNKJS  |b slo  |c KNKJS  |e AACR2 
041 0 |a slo 
044 |a xo  |c SK 
080 |a 352  |2 2001 
100 1 |a Miriák, Ferenc  |4 aut  |4 ivr  |9 849053 
245 1 0 |a Izsán egy jó közösség létrehozása a cél  |c Miriák Ferenc, Sámson Ferenc 
300 |b Fotogr. 
610 1 7 |a Iža (Slovensko).  |b Obecný úrad  |2 knkjs  |9 218568 
650 0 7 |a regionálny rozvoj  |2 snkbucl  |9 2352 
650 0 7 |a rozvoj obcí  |2 snkbucl  |9 74207 
651 7 |a Iža (Slovensko)  |2 knkjs  |9 98521 
700 1 |a Sámson, Ferenc  |4 aut  |4 ive  |9 1066402 
773 0 |t Delta  |g Roč. V, č. 24 (2007), s. 8 
852 |a KNKJS  |b KIS3GCP 
999 |c 1752884  |d 1754814